Autodesk InfraWorks 360 and Autodesk InfraWorks 360 LT Essentials / (Record no. 36224)

MARC details
000 -LEADER
fixed length control field 00499nam a22001817a 4500
005 - DATE AND TIME OF LATEST TRANSACTION
control field 20240726093449.0
008 - FIXED-LENGTH DATA ELEMENTS--GENERAL INFORMATION
fixed length control field 240726b |||||||| |||| 00| 0 eng d
020 ## - INTERNATIONAL STANDARD BOOK NUMBER
ISBN 9781119059486
082 ## - DEWEY DECIMAL CLASSIFICATION NUMBER
Classification number 624.028
Item number CHA-A
100 ## - MAIN ENTRY--AUTHOR
Author Name Chappell,Eric
245 ## - TITLE STATEMENT
Title Autodesk InfraWorks 360 and Autodesk InfraWorks 360 LT Essentials /
Statement of responsibility, etc. Eric Chappell
250 ## - EDITION STATEMENT
Edition statement 2nd ed.
260 ## - PUBLICATION, DISTRIBUTION, ETC.
Place of Publication USA:
Name of publisher, distributor, etc. Wiley;
Date of publication, distribution, etc. 2015.
300 ## - PHYSICAL DESCRIPTION
Pages xx, 341 p. :
650 ## - SUBJECT ADDED ENTRY--TOPICAL TERM
Subject / Department Graphic design
300 ## - PHYSICAL DESCRIPTION
-- ill;
-- 24 cm.
952 ## - LOCATION AND ITEM INFORMATION (KOHA)
-- 0
-- 0
952 ## - LOCATION AND ITEM INFORMATION (KOHA)
-- 0
-- 0
Holdings
Lost status Damaged status Collection code Permanent Location Current Location Shelving Location Date acquired Full Call Number Accession No./Barcode Date last seen Copy number item type Koha item type
    CS/IT Superior Information Resource Center (SIRC) Superior University- Gold Campus Superior Information Resource Center (SIRC) Superior University- Gold Campus Graphic design 07/26/2024 624.028 CHA-A 2015 18169 07/26/2024 1 BOOK BOOK
    CS/IT Superior Information Resource Center (SIRC) Superior University- Gold Campus Superior Information Resource Center (SIRC) Superior University- Gold Campus Graphic design 07/26/2024 624.028 CHA-A 2015 18170 07/26/2024 2 BOOK BOOK

Powered by Koha